Guess That President! Monroe v Quincy Adams - Statistics

General Stats
  • This quiz has been taken 9 times
  • The average score is 14 of 16
Answer Stats
Hint Answer % Correct
He bought Florida for $5 million James Monroe
100%
He did not like George Washington James Monroe
100%
Is the name's sake for the Monroe Doctrine James Monroe
100%
Was the last founding father president James Monroe
100%
Was the fifth president James Monroe
100%
After his presidency, he was elected to the House of Representatives John Quincy Adams
100%
John C. Calhoun was his VP John Quincy Adams
100%
Like his father he had one term John Quincy Adams
100%
Was the sixth president John Quincy Adams
100%
Was the first president who was related to another president John Quincy Adams
100%
Is the first president to have a middle name John Quincy Adams
100%
He initially opposed the constitution James Monroe
67%
Like Adams and Jefferson, he died on the 4th of July James Monroe
67%
Nicknamed "The Last Cocked Hat" James Monroe
67%
The House voted for him not the populous John Quincy Adams
67%
Last Democratic-Republican president John Quincy Adams
33%
No matching quizzes found
Score Distribution
Percent of People with Each Score
Percentile by Number Answered
Your Score History
You have not taken this quiz